000 00779cam a22002771 4500
001 26222
003 BD-RjUL
005 20211209051003.0
008 140320s1957 enkbf b 001 0 eng
035 _a(BD-RjUL)26292
035 _a(OCoLC)2814526
040 _aDLC
_cAzU
_dOCoLC
_dUk
_dDLC
_dBD-RjUL
_beng
041 _aeng
082 _a939.64
_bNAI 1957
100 1 _aNarain, A. K.
_980608
245 1 4 _aThe Indo-Greeks /
_cA.K.Narain
260 _aOxford :
_bClarendon Press,
_c1957.
300 _axvi, 201 p. :
_bmaps, plates. ;
_c22 cm.
504 _aBibliography: p. [182]-190.
650 0 _aGreeks
_zIndia.
_975093
650 0 _aNumismatics
_zIndia.
_980609
651 0 _aBactria
_xHistory.
_975095
942 _2ddc
_cBK
999 _c26222
_d26222